|
|
|
|
| LEADER |
00000cam a2200000 a 4500 |
| 001 |
vtls010462682 |
| 003 |
SK-MaSNL |
| 005 |
20260301132905.0 |
| 008 |
240315s2012 xo dal d 000 0 slo |
| 015 |
|
|
|a SNBA2013
|
| 020 |
|
|
|a 9788010021543
|q (brož.)
|
| 035 |
|
|
|a BCE5821E-9D64-4229-AC59-5BC99445D34E
|
| 035 |
|
|
|a urn:nbn:sk:snk-amk0cm
|
| 035 |
|
|
|a urn:nbn:sk:snk-am0087yc
|
| 040 |
|
|
|a SNK
|b slo
|c SNK
|e AACR2
|
| 041 |
0 |
|
|a slo
|
| 044 |
|
|
|a xo
|c SK
|
| 072 |
|
7 |
|a 663
|x Priemysel nápojov. Kvasný priemysel. Priemysel
|2 konspekt
|
| 072 |
|
7 |
|a 37.016
|x Učebné osnovy. Vyučovacie predmety. Učebnice
|2 konspekt
|
| 072 |
|
7 |
|a 614
|x Verejné zdravie a hygiena
|2 konspekt
|
| 080 |
|
|
|a 663/664-021.465
|2 2001
|
| 080 |
|
|
|a (075.3)
|2 2001
|
| 080 |
|
|
|a 614.31
|2 2001
|
| 100 |
1 |
|
|a Szemes, Vojtech,
|d 1934-2019
|4 aut
|9 204885
|
| 245 |
1 |
0 |
|a Kontrola kvality potravín
|c Vojtech Szemes ; [ilustrácie: Ivan Kostroň ... [et.al.]]
|
| 250 |
|
|
|a 1. vyd.
|
| 260 |
|
|
|a Bratislava
|b Slovenské pedagogické nakladateľstvo
|c 2012
|
| 300 |
|
|
|a 199 s.
|b fareb. ilustr., grafy, sch.
|c 30 cm
|
| 504 |
|
|
|a Bibliogr. s. 196-199
|
| 650 |
0 |
7 |
|a kvalita potravín
|2 SNKPH
|9 30955
|
| 650 |
0 |
7 |
|a Food quality
|2 SNKPHeng
|9 315697
|
| 650 |
0 |
7 |
|a kontrola potravín
|2 SNKPH
|9 19238
|
| 650 |
0 |
7 |
|a Food quality control
|2 SNKPHeng
|9 324768
|
| 655 |
|
7 |
|a učebnice stredných škôl
|2 SNKPH
|9 69323
|
| 655 |
|
7 |
|a Textbooks (secondary)
|2 SNKPHeng
|9 276359
|
| 700 |
1 |
|
|a Kostroň, Ivan,
|d 1951-
|4 ill
|9 92934
|
| 852 |
|
|
|a Štátna vedecká knižnica v Banskej Bystrici
|
| 919 |
|
|
|a 978-80-10-02154-3
|
| 958 |
|
|
|a OND
|
| 958 |
|
|
|a NB
|
| 999 |
|
|
|c 752255
|d 754185
|
| 952 |
|
|
|a SNK
|b SNK
|y PREZ
|7 0
|p 17A1058240
|o snkSB 84176
|i snk2012/25363
|8 0
|0 0
|1 0
|4 0
|d 2012-12-06
|f 1
|l 0
|r 2025-05-06 00:00:00
|w 2026-02-23
|
| 952 |
|
|
|a SNK
|b SNK
|y VYP
|7 0
|p 17A1058242
|o snkSB 84176 D1
|i snk2012/25364
|8 0
|0 0
|1 0
|4 0
|d 2012-12-06
|l 0
|r 2016-06-30 00:00:00
|w 2026-02-23
|